All Normal type Pokémon - Statistics

General Stats
  • This quiz has been taken 216 times
    161 since last reset
  • The average score is 101 of 136
Answer Stats
Type Generation Pokémon % Correct
Dark-Normal 7 Alolan Raticate
99%
Normal-Flying 1 Pidgeot
99%
Normal-Flying 1 Pidgeotto
99%
Normal-Flying 1 Pidgey
99%
1 Raticate
99%
1 Rattata
99%
Normal-Fairy 1 Jigglypuff
97%
Normal-Flying 1 Spearow
97%
Normal-Fairy 1 Wigglytuff
97%
Normal-Flying 1 Fearow
96%
Dark-Normal 7 Alolan Rattata
93%
Normal-Flying 5 Pidove
91%
Normal-Fairy 2 Igglybuff
89%
Normal-Flying 2 Noctowl
89%
Normal-Flying 4 Staraptor
89%
Normal-Flying 4 Staravia
89%
Normal-Flying 4 Starly
89%
1 Chansey
88%
Normal-Flying 1 Doduo
88%
Normal-Flying 1 Farfetch'd
88%
Normal-Flying 2 Hoothoot
88%
1 Snorlax
88%
Normal-Flying 5 Tranquill
88%
Normal-Flying 5 Unfezant
88%
Normal-Flying 1 Dodrio
87%
Dark-Normal 8 Galarian Linoone
87%
Dark-Normal 8 Galarian Zigzagoon
87%
3 Linoone
87%
3 Zigzagoon
87%
1 Eevee
86%
1 Porygon
86%
2 Sentret
86%
Normal-Flying 3 Swellow
86%
Normal-Flying 3 Taillow
86%
1 Tauros
86%
2 Teddiursa
86%
2 Ursaring
86%
2 Blissey
84%
2 Furret
84%
Electric-Normal 6 Helioptile
84%
Normal-Water 4 Bibarel
83%
4 Bidoof
83%
Electric-Normal 6 Heliolisk
83%
2 Stantler
83%
4 Arceus
82%
1 Kangaskhan
82%
4 Munchlax
82%
2 Porygon2
82%
Normal-Flying 7 Toucannon
82%
1 Ditto
80%
Normal-Dragon 7 Drampa
80%
4 Happiny
80%
Fire-Normal 6 Litleo
80%
1 Meowth
80%
Dark-Normal 8 Obstagoon
80%
1 Persian
80%
Normal-Flying 7 Pikipek
80%
Fire-Normal 6 Pyroar
80%
5 Stoutland
80%
3 Vigoroth
80%
Normal-Grass 5 Deerling
79%
Normal-Flying 6 Fletchling
79%
Normal-Psychic 2 Girafarig
79%
5 Patrat
79%
4 Porygon-z
79%
Normal-Grass 5 Sawsbuck
79%
3 Slaking
79%
3 Slakoth
79%
Normal-Flying 7 Trumbeak
79%
5 Lillipup
78%
Normal-Flying 4 Chatot
76%
5 Herdier
76%
5 Watchog
76%
2 Miltank
75%
2 Smeargle
75%
Normal-Ground 8 Ursaluna
75%
3 Delcatty
74%
1 Lickitung
74%
3 Loudred
74%
3 Skitty
74%
Normal-Fairy 3 Azurill
72%
Normal-Flying 5 Braviary
72%
3 Exploud
72%
4 Glameow
72%
4 Purugly
72%
Normal-Flying 5 Rufflet
72%
6 Bunnelby
71%
6 Diggersby
71%
4 Lickilicky
71%
Normal-Fighting 7 Bewear
70%
4 Buneary
68%
Normal-Psychic 9 Farigiraf
68%
4 Lopunny
68%
5 Audino
67%
Normal-Psychic 5 Meloetta
67%
Normal-Flying 3 Swablu
66%
3 Kecleon
64%
Grass-Normal 9 Smoliv
64%
Normal-Fighting 7 Stufful
64%
7 Type: Null
64%
5 Bouffalant
63%
3 Castform
63%
7 Gumshoos
63%
3 Whismur
63%
Dragon-Normal 9 Cyclizar
62%
Poison-Normal 9 Grafaiai
62%
Normal-Psychic 8 Wyrdeer
62%
2 Dunsparce
61%
3 Zangoose
61%
Normal-Ghost 8 Hisuian Zoroark
59%
Normal-Ghost 8 Hisuian Zorua
59%
7 Silvally
59%
Grass-Normal 9 Arboliva
58%
5 Cinccino
58%
Grass-Normal 9 Dolliv
58%
5 Minccino
58%
Normal-Flying 9 Squawkabilly
57%
2 Aipom
55%
9 Lechonk
55%
7 Yungoos
55%
4 Ambipom
54%
Poison-Normal 9 Shroodle
54%
6 Furfrou
53%
Psychic-Normal 8 Indeedee
53%
3 Spinda
50%
Normal-Psychic 7 Oranguru
49%
4 Regigigas
49%
8 Greedent
47%
9 Dudunsparce
45%
9 Oinkologne
43%
8 Wooloo
42%
8 Skwovet
41%
9 Maushold
38%
7 Komala
36%
9 Tandemaus
36%
8 Dubwool
34%
No matching quizzes found
Score Distribution
Percent of People with Each Score
Percentile by Number Answered
Your Score History
You have not taken this quiz since the last reset